00234nam a2200097 a 450000500170000000800410001705000220005824500190008026000280009930000090012720140412111423.0080123s19uu xx 00 eng d aERbKo84 v.9 2001 aKorean book 9. aKorea :bFroebel,c24p. aunp.